[Event "Krefeld op"]
[Site "Krefeld"]
[Date "2023.08.05"]
[Round "7"]
[White "Boehme, Jonas"]
[Black "Brandt, Clara"]
[Result "1-0"]
[WhiteElo "1725"]
[BlackElo "1227"]
[PlyCount "57"]
[EventDate "2023.08.02"]
[EventType "swiss"]
[EventRounds "9"]
[EventCountry "GER"]
[SourceTitle "CBM 215 Extra"]
[Source "ChessBase"]
[SourceDate "2023.09.30"]
[SourceVersion "1"]
[SourceVersionDate "2023.09.30"]
[SourceQuality "1"]

1. e4 e6 2. d4 d5 3. Nc3 Nf6 4. Bg5 Be7 5. e5 Nfd7 6. h4 Bxg5 7. hxg5 Qxg5 8. Nh3 Qe7 9. Qg4 g6 10. 0-0-0 Na6 11. f4 Nb6 12. Ng5 h5 13. Qf3 Bd7 14. g4 0-0-0 15. Bxa6 bxa6 16. gxh5 gxh5 17. Rxh5 Rxh5 18. Qxh5 f6 19. Nf3 fxe5 20. Nxe5 Qf6 21. Rf1 Rh8 22. Qe2 Kb7 23. Qd2 Rh4 24. b3 Qf5 25. a4 a5 26. Ne2 Ka6 27. Nd3 Kb7 28. Qxa5 Qe4 29. Nc5+ 1-0

[Event "GER-chT U12 Girls"]
[Site "Willingen"]
[Date "2022.08.13"]
[Round "1.6"]
[White "Berger, Jennifer"]
[Black "Brandt, Clara"]
[Result "1-0"]
[WhiteElo "1050"]
[BlackElo "1161"]
[PlyCount "43"]
[EventDate "2022.08.13"]
[EventType "team-swiss"]
[EventRounds "7"]
[EventCountry "GER"]
[SourceTitle "EXT 2023"]
[Source "ChessBase"]
[SourceDate "2022.10.05"]
[SourceVersion "1"]
[SourceVersionDate "2022.10.05"]
[SourceQuality "1"]
[WhiteTeam "Garching"]
[BlackTeam "Porz SG"]
[WhiteTeamCountry "GER"]
[BlackTeamCountry "GER"]

1. e4 e6 2. d4 d5 3. e5 c5 4. Nf3 Nc6 5. Be3 cxd4 6. Bxd4 Nxd4 7. Qxd4 Qc7 8. Bb5+ Bd7 9. Bxd7+ Qxd7 10. 0-0 Ne7 11. Re1 Nf5 12. Qg4 Rc8 13. Nc3 d4 14. Rad1 Rc4 15. Re4 Bc5 16. Ne2 h5 17. Qf4 Rxc2 18. Nexd4 Rxb2 19. Qc1 Bxd4 20. Nxd4 Rxa2 21. Nxf5 Qc6 22. Red4 1-0